Diseǫ esencial Desarrollo mercadolg̤ico de nuevos productos y servicios /

Bibliographic Details
Main Author: Pars̕, Jos ̌Antonio
Format: eBook
Language:Spanish
Published: Bogot:̀ Ediciones de la U, 2018
Subjects:
Online Access:Acceso restringido

MARC

LEADER 00000nam a22000007a 4500
005 20191118140521.0
007 cr|||| ||||
008 191118s2018 co |||||s|||| 00||0 spa d
020 |a 978-958-762-977-4 
035 |a 30657 
040 |a vLex 
090 |c 10045  |d 10045 
100 1 |a Pars̕, Jos ̌Antonio 
245 1 0 |a Diseǫ esencial  |h [Recurso electrn̤ico] :  |b Desarrollo mercadolg̤ico de nuevos productos y servicios /  |c Jos ̌Antonio Pars̕ 
256 |a Servicio en ln̕ea 
260 |a Bogot:̀  |b Ediciones de la U,  |c 2018 
300 |a 1 recurso electrn̤ico 
506 1 |a Disponible solo en los productos indicados  |d vLex Global  |d vLex Global (Academic Edition, excluding Law Schools)  |d vLex Global (U.S. Academic Edition, Law Schools)  |d vLex Global (U.S. Academic Edition, excluding Law Schools)  |d vLex Global (Academic Edition, Law Schools) 
650 0 4 |a Marketing  |z Colombia 
740 0 |a vLex Libros (Servicio en ln̕ea) 
856 4 0 |u http://vlex.com/source/dise-o-esencial-30657  |z Acceso restringido 
942 |c BOOK 
999 0 |a Marketing